[Event "It"]
[Site "Tel Aviv ISR"]
[Date "2002.08.16"]
[Round "8"]
[White "Gofshtein,Z"]
[Black "Zoler,D"]
[Result "1-0"]
[WhiteElo "2519"]
[BlackElo "2503"]

1.d4 Nf6 2.c4 e6 3.Nc3 Bb4 4.Qc2 O-O 5.a3 Bxc3+ 6.Qxc3 d6 7.Bg5 Nbd7 8.Nf3 h6
9.Bh4 b6 10.e3 Bb7 11.Be2 a5 12.O-O a4 13.Rad1 Ra5 14.Qc2 Qa8 15.Ne1 Rc8
16.f3 c5 17.dxc5 Raxc5 18.Rxd6 Bd5 19.e4 Bxc4 20.Bf2 Bxe2 21.Qxe2 R5c6 22.Rd2 Ne5
23.Nd3 Nc4 24.Rdd1 b5 25.Nb4 R6c7 26.Rd3 Rd8 27.Bd4 Rcd7 28.Rfd1 e5 29.Bc3 Qa7+
30.Qf2 Qxf2+ 31.Kxf2 Rxd3 32.Rxd3 Rxd3 33.Nxd3 Nd7 34.Nb4 f6 35.Nd5 Kf7 36.Nc7 Nd6
37.Ke2 g6 38.g4 Nc5 39.Bb4 Ncb7 40.Kd3 f5 41.h4 fxe4+ 42.fxe4 h5 43.g5 Nc4
44.Nxb5 Nxb2+ 45.Kc3 Nd1+ 46.Kd2 Nb2 47.Bc3 Nc4+ 48.Kd3 Ncd6 49.Nxd6+ Nxd6
50.Bxe5 Nb5 51.Bb2 Nd6 52.Kd4 Ke6 53.Bc1 Nb5+ 54.Kd3 Ke5 55.Ke3 Kd6 56.Bd2 Na7
57.Bb4+ Ke6 58.Bc5 Nc6 59.Bd4 Kd6 60.Kd3 Nd8 61.Kc4 Ne6 62.Bc3 Nf4 63.Be1 Ke5
64.Kb5 Ng2 65.Bg3+ Kxe4 66.Kxa4 Kf3 67.Bc7 Nxh4 68.Kb3 Nf5 69.a4 Nd4+ 70.Kc4 Ne6
71.Bb8 Nd8 72.a5 h4 73.a6 Nc6 74.Kb5 Nxb8 75.a7 Nd7 76.a8=Q+ Kg3 77.Qe8  1-0

[Event "Open"]
[Site "Birstonas LIT"]
[Date "2002.08.21"]
[Round "5"]
[White "Sakalauskas,V"]
[Black "Romanova,I"]
[Result "1-0"]
[WhiteElo "2418"]
[BlackElo "2244"]

1.d4 e6 2.c4 Nf6 3.Nc3 Bb4 4.Qc2 O-O 5.a3 Bxc3+ 6.Qxc3 Ne4 7.Qc2 f5 8.Nh3 Nc6
9.f3 Nf6 10.e3 e5 11.dxe5 Nxe5 12.Be2 d6 13.O-O a5 14.b3 Qe7 15.Re1 Bd7 16.Bb2 Rae8
17.Bf1 b6 18.Nf4 Bc8 19.Nd5 Nxd5 20.cxd5 Rf7 21.Bb5 Bd7 22.Bf1 Bc8 23.Rac1 Qh4
24.Qd2 Ree7 25.Red1 Bb7 26.Qf2 Qh5 27.Bb5 Rf6 28.h3 Rff7 29.b4 axb4 30.axb4 f4
31.e4 Bc8 32.Bd4 Bxh3 33.Bxe5 Rxe5 34.gxh3 Rg5+ 35.Kf1 Qxh3+ 36.Ke1 Re7 37.Bf1 Qh5
38.Kd2 Rg3 39.Be2 Qe5 40.Rc3 Qf6 41.Rdc1 h5 42.Kd3 Qf7 43.Kc2 h4 44.Rh1 Qf6
45.Rd3 Re8 46.Kb3 Ra8 47.Qd4 Qg5 48.Bf1 Qh5 49.Bh3 Rxf3 50.Be6+ Kf8 51.Rg1 Rg3
52.Rdxg3 hxg3 53.Rf1 Qe5 54.Qe3 g5 55.Qxg3 Qxe4 56.Qh3 Ke7 57.Re1  1-0

[Event "VI BCX"]
[Site "Brasilia BRA"]
[Date "2002.08.28"]
[Round "5"]
[White "Lima,Da"]
[Black "Valle,A"]
[Result "1-0"]
[WhiteElo "2541"]
[BlackElo "2231"]

1.d4 Nf6 2.c4 e6 3.Nc3 Bb4 4.Qc2 O-O 5.a3 Bxc3+ 6.Qxc3 Ne4 7.Qc2 f5 8.Nh3 Nc6
9.e3 d6 10.f3 Nf6 11.Bd3 Qe7 12.O-O a5 13.b3 g6 14.Bb2 Bd7 15.Nf2 Rae8 16.Qc3 b6
17.b4 Ra8 18.b5 Nd8 19.e4 f4 20.e5 dxe5 21.dxe5 Nh5 22.Ne4 Nb7 23.a4 Nc5
24.Ba3 Rad8 25.Bxc5 bxc5 26.Qa3 Bc8 27.Qxc5 Qh4 28.Qf2 Qe7 29.Qc5 Qh4 30.Rfd1 Bb7
31.Qxc7 Bxe4 32.Bxe4 Ng3 33.hxg3 fxg3 34.Qb6  1-0

[Event "New York State-ch"]
[Site "Kerhonkson USA"]
[Date "2002.08.31"]
[Round "1"]
[White "Weiss,A"]
[Black "Kwartler,L"]
[Result "1/2-1/2"]
[WhiteElo "2231"]
[BlackElo "2253"]

1.d4 Nf6 2.c4 e6 3.Nc3 Bb4 4.Qc2 O-O 5.Bg5 c5 6.e3 h6 7.Bh4 d6 8.dxc5 dxc5
9.Rd1 Qa5 10.Bxf6 gxf6 11.Ne2 Qc7 12.Qe4 Qe5 13.Qxe5 fxe5 14.g3 Bd7 15.Bg2 Bc6
16.O-O Bxg2 17.Kxg2 Nc6 18.Ne4 b6 19.Rd6 Na5 20.Rc1 Rfd8 21.a3 Rxd6 22.Nxd6 Nb3
23.Rd1 Ba5 24.Nb5 Bd2 25.Ng1 Kf8 26.Nf3 Bc1 27.Nxe5 Bxb2 28.Nc6 a6 29.Nc7 Rc8
30.Rd7 b5 31.cxb5 axb5 32.Nd8 Be5 33.Rxf7+ Kg8 34.Ncxe6 c4 35.Rf8+ Kh7 36.Rf7+ Kg8
37.Rf8+  1/2-1/2

[Event "ch-RUS"]
[Site "Krasnodar RUS"]
[Date "2002.09.03"]
[Round "8"]
[White "Kiriakov,P"]
[Black "Aseev,K"]
[Result "1-0"]
[WhiteElo "2553"]
[BlackElo "2575"]

1.d4 Nf6 2.c4 e6 3.Nc3 Bb4 4.Qc2 O-O 5.a3 Bxc3+ 6.Qxc3 d6 7.Bg5 h6 8.Bh4 g5
9.Bg3 Ne4 10.Qc2 f5 11.f3 Nxg3 12.hxg3 Qf6 13.e3 e5 14.O-O-O Nc6 15.Ne2 exd4
16.exd4 Bd7 17.Qd2 Rae8 18.Nc3 Qg7 19.Nb5 b6 20.Kb1 f4 21.g4 Re7 22.Bd3 Be8
23.Rde1 Rxe1+ 24.Qxe1 a6 25.Nxc7 Qxc7 26.Qe6+ Qf7 27.Bh7+ Kh8 28.Qxh6 Qg7
29.Qe6 Qxh7+ 30.Rxh7+ Kxh7 31.Qxd6 Rf7 32.d5 Na5 33.Qe6 Rf8 34.Qe7+ Kg8 35.Qxg5+ Kh7
36.Qe7+ Kg8 37.d6 Nc6 38.Qb7 Bg6+ 39.Ka2 Ne5 40.Qe7 Re8 41.Qf6 Bf7 42.b3 b5
43.cxb5 axb5 44.Qxf4 Re6 45.Qg5+ Kf8 46.f4 Nd7 47.Qxb5 Rxd6 48.Qb4 Ke7 49.f5 Ne5
50.g5 Nd3 51.Qc3  1-0

[Event "5th Pyramiden-Franken Cup"]
[Site "Fuerth GER"]
[Date "2002.09.07"]
[Round "8"]
[White "Seifert,V"]
[Black "Werle,J"]
[Result "1-0"]
[WhiteElo "2305"]
[BlackElo "2443"]

1.d4 Nf6 2.c4 e6 3.Nc3 Bb4 4.Qc2 O-O 5.a3 Bxc3+ 6.Qxc3 b6 7.Bg5 Bb7 8.e3 d6
9.f3 Nbd7 10.Nh3 c5 11.dxc5 dxc5 12.Rd1 Qc7 13.Be2 Rfe8 14.O-O e5 15.Nf2 Re6
16.Bh4 Rae8 17.Rd2 Nf8 18.Rfd1 N6d7 19.Bd3 f6 20.Bf5 R6e7 21.Rd6 Nb8 22.Ne4 Bc8
23.Bxc8 Qxc8 24.Bxf6 gxf6 25.Nxf6+ Kg7 26.Qd3 Re6 27.Nxe8+ Rxe8 28.Qe4 Qc7
29.h4 Qf7 30.R1d5 Qe7 31.Qg4+ Kh8 32.h5 Qg7 33.Qf5 Qg3 34.Rd1 e4 35.f4 Qg7
36.R1d2 Qe7 37.Rf6  1-0

[Event "Poyntner Mem GM"]
[Site "St Poelten AUT"]
[Date "2002.09.08"]
[Round "4"]
[White "Schroll,G"]
[Black "Haba,P"]
[Result "1-0"]
[WhiteElo "2365"]
[BlackElo "2531"]

1.d4 Nf6 2.c4 e6 3.Nc3 Bb4 4.Qc2 O-O 5.a3 Bxc3+ 6.Qxc3 d6 7.g3 Bd7 8.Bg2 Bc6
9.Nf3 a5 10.b3 Nbd7 11.O-O Nb6 12.Bg5 a4 13.Bxf6 Qxf6 14.b4 Be4 15.Rac1 Rfd8
16.Qe3 Bxf3 17.Bxf3 Rab8 18.Rfd1 Nc8 19.Qd3 Ne7 20.Be4 d5 21.cxd5 exd5 22.Bg2 c6
23.b5 Qd6 24.Rb1 Nc8 25.bxc6 bxc6 26.Rxb8 Qxb8 27.Qc2 Qb3 28.Qxb3 axb3 29.Rb1 Nd6
30.Rxb3 Nb5 31.e3 Ra8 32.Bxd5 Nxd4 33.exd4 cxd5 34.a4 Kf8 35.Rb4 Ke7 36.Kf1 Rc8
37.a5 Rc1+ 38.Ke2 Ra1 39.Rb5 Ke6 40.Kd3 g5 41.Kc3 f5 42.Rb6+ Kd7 43.a6 f4
44.gxf4 gxf4 45.Rh6 Kc8 46.Kb4 Kb8 47.Kc5 Ka7 48.Kxd5 Rf1 49.Ke4 Rxf2 50.h4 f3
51.Ke3 Rf1 52.d5 f2 53.Ke2 Rd1 54.Kxf2 Rxd5 55.Ke3 Rb5 56.Kf4 Rc5 57.Rxh7+ Kxa6
58.Re7 Kb6 59.Re5 Rc1 60.h5 Kc6 61.h6 Kd6 62.Rh5  1-0

[Event "FSGM Sept"]
[Site "Budapest HUN"]
[Date "2002.09.09"]
[Round "3"]
[White "Pham Minh Hoang1"]
[Black "Breder,D"]
[Result "1/2-1/2"]
[WhiteElo "2354"]
[BlackElo "2438"]

1.d4 Nf6 2.c4 e6 3.Nc3 Bb4 4.Qc2 O-O 5.a3 Bxc3+ 6.Qxc3 b6 7.Bg5 Bb7 8.f3 d6
9.e4 c5 10.d5 Nbd7 11.Nh3 Re8 12.dxe6 fxe6 13.O-O-O Qc7 14.Qd2 d5 15.exd5 exd5
16.cxd5 Bxd5 17.Bb5 Bc6 18.Bc4+ Kh8 19.Bf4 Ne5 20.Qc3 Nh5 21.Bxe5 Rxe5  1/2-1/2

[Event "FSIMC Sept"]
[Site "Budapest HUN"]
[Date "2002.09.11"]
[Round "5"]
[White "Ngo,N"]
[Black "Galyas,M"]
[Result "0-1"]
[WhiteElo "2172"]
[BlackElo "2407"]

1.d4 Nf6 2.c4 e6 3.Nc3 Bb4 4.Qc2 O-O 5.Nf3 c5 6.dxc5 Na6 7.g3 Nxc5 8.Bg2 Nce4
9.O-O Nxc3 10.bxc3 Be7 11.Rb1 Qc7 12.Nd4 Qxc4 13.Bxb7 Bxb7 14.Rxb7 Rfc8 15.Be3 Qxc3
16.Qxc3 Rxc3 17.Rfb1 h6 18.R1b3 Rc4 19.Nb5 a5 20.Bd4 Rc2 21.Rb2 Rac8 22.Ra7 Rxb2
23.Bxb2 Rc2 24.Bxf6 Bxf6 25.Rxa5 Rxe2 26.Kf1 Rb2 27.a4 d5 28.Ra7 d4 29.Ke1 e5
30.Nd6 d3 31.Rb7 Ra2 32.Rb3 e4 33.a5 Ra1+ 34.Kd2 Bg5+  0-1

[Event "FSGM Sept"]
[Site "Budapest HUN"]
[Date "2002.09.15"]
[Round "9"]
[White "Pham Minh Hoang1"]
[Black "Balogh,C"]
[Result "1-0"]
[WhiteElo "2354"]
[BlackElo "2441"]

1.d4 Nf6 2.c4 e6 3.Nc3 Bb4 4.Qc2 O-O 5.a3 Bxc3+ 6.Qxc3 b6 7.Bg5 Bb7 8.f3 h6
9.Bh4 d5 10.e3 Re8 11.Nh3 c5 12.dxc5 g5 13.Bg3 bxc5 14.O-O-O Nc6 15.Nf2 d4
16.Qc2 Qb6 17.h4 Nh5 18.Bd6 dxe3 19.hxg5 Nd4 20.Rxd4 cxd4 21.c5 Qxd6 22.cxd6 Rec8
23.Bc4 exf2 24.d7 Rc7 25.b3 hxg5 26.Qxf2 Nf4 27.Kd2 Rd8 28.Qxd4 Ng6 29.Bb5 Bc6
30.Bxc6 Rxc6 31.Rc1 e5 32.Rxc6  1-0

[Event "EuYCh G18"]
[Site "Peniscola ESP"]
[Date "2002.09.29"]
[Round "1"]
[White "Roelli,C"]
[Black "Kisonova,K"]
[Result "0-1"]
[WhiteElo "2039"]
[BlackElo "2166"]

1.d4 e6 2.c4 Nf6 3.Nc3 Bb4 4.Qc2 O-O 5.a3 Bxc3+ 6.Qxc3 b6 7.Bg5 Bb7 8.Nf3 d6
9.e3 Nbd7 10.Bd3 Re8 11.e4 e5 12.d5 h6 13.Bh4 Nf8 14.b4 c6 15.O-O Ng6 16.Bg3 Rc8
17.Qb3 Nh5 18.Rfd1 Qe7 19.Rac1 Rc7 20.Be2 Nhf4 21.Qe3 cxd5 22.cxd5 Rec8 23.Bb5 Rxc1
24.Rxc1 Rc7 25.h4 Nh5 26.Kh2 Qd8 27.Rc4 Rxc4 28.Bxc4 Qc7 29.Nd2 Qe7 30.Nf3 Bc8
31.Be2 Nhf4 32.Bxf4 exf4 33.Qd4 Nxh4 34.Nd2 Qg5 35.g3 Ng6 36.Qc3 Bg4 37.Bb5 Ne5
38.Kg2 fxg3 39.fxg3 h5 40.Nc4 Nxc4 41.Bxc4 h4 42.Bb5 Qe7 43.Qe1 hxg3 44.Kxg3 f5
45.Bd3 Qe5+ 46.Kg2 Qb2+ 47.Kg3 Qxa3 48.Qe3 fxe4 49.Qxe4 Bd7 50.Qh7+ Kf7 51.Qg6+ Ke7
52.Qxg7+ Kd8 53.Qg8+ Kc7 54.Qh7 Qc3 55.Kg2 Qe5 56.Qf7 Qg5+ 57.Kf1 Qc1+ 58.Ke2 Qb2+
59.Ke3 Qe5+  0-1

[Event "EuYCh B18"]
[Site "Peniscola ESP"]
[Date "2002.10.08"]
[Round "9"]
[White "Tikkanen,H"]
[Black "Werle,J"]
[Result "0-1"]
[WhiteElo "2291"]
[BlackElo "2443"]

1.d4 Nf6 2.c4 e6 3.Nc3 Bb4 4.Qc2 O-O 5.e4 Bxc3+ 6.bxc3 d6 7.Bd3 e5 8.Ne2 c5
9.O-O Nc6 10.d5 Ne7 11.f4 exf4 12.Bxf4 Ng4 13.e5 dxe5 14.Bxh7+ Kh8 15.Bg5 f5
16.Bg6 Nf6 17.Bxf6 Rxf6 18.Bh5 Rh6 19.Ng3 f4 20.Qe2 fxg3 21.Qxe5 Nf5 22.Bg4 gxh2+
23.Kh1 Nd6 24.Be6 Bxe6 25.dxe6 Qe7 26.Rae1 b6 27.Rf4 Re8 28.Rf7 Nxf7 29.exf7 Qxe5
30.fxe8=Q+ Qxe8 31.Rxe8+ Kh7 32.Re7 a5 33.Rb7 a4 34.Rb8 a3 35.Rb7 Kg6 36.Rxb6+ Kf5
37.Rb5 Kf4 38.Rxc5 g5 39.Rd5 g4 40.Rd4+ Kg3 41.Rd3+ Kf2 42.g3 Rc6 43.Rd2+ Kxg3
44.Rg2+ Kf3 45.Kxh2 Rxc4 46.Rc2 Ke3 47.Kg3 Kd3 48.Rf2 Kxc3  0-1

[Event "TCh-SWE"]
[Site "Helsingborg SWE"]
[Date "2002.10.12"]
[Round "2"]
[White "Akvist,H"]
[Black "Sjoberg,M"]
[Result "0-1"]
[WhiteElo "2276"]
[BlackElo "2330"]

1.d4 Nf6 2.c4 e6 3.Nc3 Bb4 4.Qc2 O-O 5.a3 Bxc3+ 6.Qxc3 b6 7.f3 d5 8.e3 Nbd7
9.Nh3 c5 10.Be2 cxd4 11.exd4 Ba6 12.b3 Rc8 13.a4 dxc4 14.bxc4 Nd5 15.Qb3 Qh4+
16.Nf2 Bxc4 17.Bxc4 Qxd4 18.Bd3 Qxa1 19.Kd2 Nc5  0-1

[Event "TCh-CZE 2002-3"]
[Site "Czech Rep CZE"]
[Date "2002.10.13"]
[Round "2"]
[White "Neuman,A"]
[Black "Vesselovsky,S"]
[Result "1-0"]
[WhiteElo "2095"]
[BlackElo "2422"]

1.d4 Nf6 2.c4 e6 3.Nc3 Bb4 4.Qc2 O-O 5.a3 Bxc3+ 6.Qxc3 d6 7.f3 e5 8.dxe5 dxe5
9.Qxe5 Nc6 10.Qc3 Re8 11.e3 Bf5 12.Ne2 Ne5 13.Ng3 Bd3 14.Bd2 Bxf1 15.Rxf1 Qd7
16.Ke2 Rad8 17.Rfd1 h5 18.e4 Qe6 19.Bg5 Rxd1 20.Rxd1 Nh7 21.Bf4 Ng6 22.Nxh5 f6
23.Be3 Ne5 24.b3 Ng5 25.Nf4 Qf7 26.Kf1 Ngxf3 27.gxf3 Nxf3 28.Bg1 Ng5 29.Qd3 Rxe4
30.Ng2 Qh5 31.h4 Nf7 32.Rd2 Qf5+ 33.Bf2 Ne5 34.Qd5+ Kh7 35.Rd4 Rxd4 36.Qxd4 Ng4
37.Qf4 Qb1+ 38.Ne1 f5 39.b4 Qb3  1-0

[Event "TCh-BEL 2001-2"]
[Site "Belgium BEL"]
[Date "2002.10.15"]
[Round "10"]
[White "Becker,D"]
[Black "Gulbas,C"]
[Result "1/2-1/2"]
[WhiteElo "2127"]
[BlackElo "2293"]

1.d4 Nf6 2.c4 e6 3.Nc3 Bb4 4.Qc2 O-O 5.a3 Bxc3+ 6.Qxc3 b6 7.f3 d6 8.Bg5 Nc6
9.e3 Re8 10.Bd3 h6 11.Bh4 e5 12.d5 Nd4 13.O-O-O Nf5 14.Bxf5 Bxf5 15.Bxf6 Qxf6
16.e4 Bd7 17.Rd2 Rec8 18.Kb1 c6 19.Qd3 b5 20.cxb5 c5 21.Ne2 Rcb8 22.Nc3 a6
23.bxa6 Bc8 24.Kc1 Bxa6 25.Qe3 Rb3 26.Rhd1 Rab8 27.Rf2 Qd8 28.Rdd2 Qa5 29.Rc2 Bc4
30.g4 Qa6 31.Rcd2 Qb7 32.h4 Ra8 33.h5 f6 34.Rg2 Ra5 35.Rc2 Qa6 36.Kd2 Rb7
37.Ke1 Qa8 38.Kf2 Qb8 39.Kg3 Rb3 40.Qd2 Ra7 41.Rf2 Ba6 42.Rh2  1/2-1/2

[Event "10th Chigorin Mem"]
[Site "St Petersburg RUS"]
[Date "2002.10.27"]
[Round "3"]
[White "Sergienko,S"]
[Black "Lugovoi,A"]
[Result "0-1"]
[WhiteElo "2439"]
[BlackElo "2523"]

1.d4 Nf6 2.c4 e6 3.Nc3 Bb4 4.Qc2 O-O 5.a3 Bxc3+ 6.Qxc3 b6 7.Bg5 Ba6 8.Nh3 h6
9.Bh4 d6 10.f3 Nbd7 11.Bg3 d5 12.cxd5 Nxd5 13.Qc6 Ne3 14.Kf2 Nf5 15.e3 Bxf1
16.Rhxf1 Rc8 17.Rfd1 Nb8 18.Qa4 c5 19.dxc5 Qf6 20.Rd2 bxc5 21.Qxa7 c4 22.e4 Nc6
23.Qa4 c3 24.bxc3 Qxc3 25.Raa2 Qe3+ 26.Kf1 Ncd4 27.Bf4 Rc1+ 28.Rd1 Qd3+ 29.Ke1 Ne3
30.Rxc1 Qf1+ 31.Kd2 Qe2+ 32.Kc3 Qxa2 33.Qxd4 Rc8+ 34.Kb4 Rxc1 35.Bxe3 Rb1+
36.Kc5 Qxa3+ 37.Kc6 Qa6+  0-1

[Event "Olympiad"]
[Site "Bled SLO"]
[Date "2002.10.30"]
[Round "5"]
[White "Mueller,L"]
[Black "Moussa,A"]
[Result "1-0"]
[WhiteElo "2211"]
[BlackElo "2218"]

1.d4 Nf6 2.c4 e6 3.Nc3 Bb4 4.Qc2 O-O 5.a3 Bxc3+ 6.Qxc3 b6 7.Bg5 Bb7 8.f3 d5
9.e3 Nbd7 10.cxd5 exd5 11.Nh3 h6 12.Bh4 Rc8 13.Bd3 c5 14.O-O Re8 15.Bf5 cxd4
16.Qxd4 Rc4 17.Bxf6 Nxf6 18.Qd2 d4 19.Rad1 Nd5 20.Be4 Nxe3 21.Bxb7 Qc7 22.Be4 Rxe4
23.fxe4 Rc2 24.Rc1 Qc4 25.Qe1 Rxg2+ 26.Kh1 Qe6 27.Qh4 g5 28.Qh5 Rg4 29.Nf2 Rh4
30.Qf3 Qe5 31.Ng4 Qe6 32.Nxe3 Rxe4 33.Ng2  1-0

[Event "Olympiad w"]
[Site "Bled SLO"]
[Date "2002.11.02"]
[Round "8"]
[White "Sekulovska,V"]
[Black "Lim Jean Nie"]
[Result "1-0"]
[WhiteElo "2119"]
[BlackElo "2165"]

1.d4 Nf6 2.c4 e6 3.Nc3 Bb4 4.Qc2 O-O 5.a3 Bxc3+ 6.Qxc3 b6 7.Bg5 Bb7 8.f3 c5
9.dxc5 bxc5 10.e3 d5 11.cxd5 exd5 12.Qxc5 Re8 13.Rd1 Ne4 14.Bxd8 Nxc5 15.Bg5 h6
16.Bf4 Ne6 17.Bd6 d4 18.exd4 Nxd4+ 19.Kf2 Nbc6 20.Bc5 Nb3 21.Be3 Rad8 22.Rxd8 Rxd8
23.Bc4 Nba5 24.Be2 Nd4 25.Bxd4 Rxd4 26.Ke3 Rd6 27.Nh3 Re6+ 28.Kf2 Rc6 29.b4 Nb3
30.Rd1 Rc2 31.Ke3 Nc1 32.Bf1 Kf8 33.Rd7 Bc6 34.Rxa7 Nb3 35.b5 Bd5 36.Nf4 Rc3+
37.Kf2 Bc4 38.Bxc4 Rxc4 39.Nd5 g5 40.b6 Rc2+ 41.Kg3 Nc5 42.b7 Nxb7 43.Rxb7 Ra2
44.Rb3 Kg7 45.Ne3 Kg6 46.h4 Kh5 47.hxg5 hxg5 48.Kh2 Kg6 49.Rb6+ f6 50.Ra6 Kf7
51.a4 Ra3 52.Ng4 f5 53.Nh6+ Kg7 54.Nxf5+ Kf7 55.Nh6+ Kg7 56.Ng4 Ra2 57.Kg3 Kf7
58.Nf2 Kg7 59.Ne4 g4 60.f4 Re2 61.Nf2  1-0

[Event "Olympiad"]
[Site "Bled SLO"]
[Date "2002.11.02"]
[Round "8"]
[White "Abdel Razik,K"]
[Black "Bratovic,B"]
[Result "0-1"]
[WhiteElo "2354"]
[BlackElo "2293"]

1.d4 Nf6 2.c4 e6 3.Nc3 Bb4 4.Qc2 O-O 5.e4 d6 6.a3 Bxc3+ 7.bxc3 Nc6 8.Bd3 e5
9.Ne2 b6 10.Bg5 h6 11.Bh4 Ba6 12.O-O g5 13.Bg3 Nh5 14.Rad1 Qe7 15.c5 Bxd3
16.Qxd3 dxc5 17.d5 Na5 18.Qf3 Nf4 19.Bxf4 exf4 20.Rfe1 Rae8 21.Nc1 Nc4 22.Qe2 Ne5
23.Nd3 a5 24.f3 Rd8 25.g3 Nxd3 26.Qxd3 Qe5 27.gxf4 gxf4 28.Kh1 Kh7 29.Rg1 Rg8
30.Qd2 Rxg1+ 31.Rxg1 Rg8 32.a4 Rxg1+ 33.Kxg1 Kg8 34.Kf1 Kf8 35.Ke2 f5 36.Qc2 Ke7
37.Kd3 fxe4+ 38.fxe4 Qh5 39.Kc4 Qf3 40.e5 Qf1+ 41.Kb3 c4+ 42.Kb2 Qd3 43.Qg2 Kf8
44.Qg4 Qd2+ 45.Kb1 Qe1+ 46.Kc2 Qxe5 47.Qd7 f3 48.Qc8+ Ke7 49.d6+ Qxd6 50.Qh8 Qf6
51.Qh7+ Kd6  0-1

[Event "Olympiad w"]
[Site "Bled SLO"]
[Date "2002.11.02"]
[Round "8"]
[White "Matveeva,S"]
[Black "Peptan,C"]
[Result "0-1"]
[WhiteElo "2465"]
[BlackElo "2479"]

1.d4 Nf6 2.c4 e6 3.Nc3 Bb4 4.Qc2 O-O 5.a3 Bxc3+ 6.Qxc3 b6 7.Bg5 Bb7 8.Nf3 d6
9.Nd2 Nbd7 10.f3 h6 11.Bh4 d5 12.cxd5 exd5 13.e3 Re8 14.Bf2 c5 15.Bd3 cxd4
16.Qxd4 Ne5 17.Bb5 Re6 18.O-O a6 19.Bd3 Nxd3 20.Qxd3 Nd7 21.Rac1 a5 22.Rfd1 Nc5
23.Qb1 Ba6 24.Nf1 Nb3 25.Rc3 a4 26.Ng3 Qg5 27.Qf5 Rd8 28.Qxg5 hxg5 29.e4 d4
30.Nf5 Be2 31.Rxb3 Bxd1 32.Rd3 Be2 33.Rxd4 Rc8 34.h3 g6 35.Ne3 b5 36.Be1 Bc4
37.Bc3 Rec6 38.Rd2 Be6 39.Be5 f5 40.Kh2 f4 41.Nd5 Bxd5 42.Rxd5 Rc5 43.Bf6 Kf7
44.Bxg5 Rxd5 45.exd5 Rc2 46.d6 Ke6 47.d7 Kxd7 48.Bf6 Ke6 49.Bg7 g5 50.Kh1 Re2
51.h4 gxh4 52.Kh2 Kd5 53.Kh3 Kc4 54.Bh6 Rxb2 55.Bxf4 Re2 56.Bd6 Rf2 57.Be7 Kd5
58.Bxh4 Rb2 59.Be7 b4 60.axb4 a3 61.Bf6 Rxb4 62.g4 a2 63.Ba1 Rb1 64.Bg7 a1=Q
65.Bxa1 Rxa1  0-1

[Event "Open"]
[Site "Le Touquet FRA"]
[Date "2002.11.02"]
[Round "9"]
[White "Wuts,F"]
[Black "Hareux,H"]
[Result "1/2-1/2"]
[WhiteElo "2304"]
[BlackElo "2241"]

1.d4 e6 2.c4 Nf6 3.Nc3 Bb4 4.Qc2 O-O 5.Nf3 b6 6.e4 d5 7.Bg5 dxe4 8.Bxf6 Qxf6
9.Qxe4 c6 10.Bd3 g6 11.h4 Bb7 12.h5 Nd7 13.g4 c5 14.Qxb7 cxd4 15.g5 Qf4 16.Rh4 dxc3
17.Ke2 cxb2 18.Rd1 Qc1 19.hxg6 hxg6 20.Nd4 Nc5 21.Qh1 Qxg5 22.Rh8+ Kg7 23.Rh7+ Kg8
24.Rh8+ Kg7 25.Rh7+ Kg8  1/2-1/2

[Event "Olympiad w"]
[Site "Bled SLO"]
[Date "2002.11.04"]
[Round "9"]
[White "Varniene,R"]
[Black "Hagarova,Z"]
[Result "0-1"]
[WhiteElo "2160"]
[BlackElo "2333"]

1.d4 Nf6 2.c4 e6 3.Nc3 Bb4 4.Qc2 O-O 5.Nf3 c5 6.dxc5 Na6 7.Bd2 Nxc5 8.e3 b6
9.Be2 Bb7 10.O-O Qe7 11.Rfd1 Rfd8 12.Nb5 Bxd2 13.Qxd2 Nce4 14.Qd4 d5 15.cxd5 Bxd5
16.Qa4 a6 17.Nbd4 Ng4 18.Rf1 b5 19.Qa5 e5 20.Nf5 Qf6 21.Ng3 Ngxf2 22.Rxf2 Nxf2
23.Kxf2 e4 24.Rd1 exf3 25.gxf3 Be6 26.b3 Rxd1 27.Bxd1 Qh4 28.Kg1 Qd8 29.Qe1 Qd3
30.Kf2 Rc8 31.Qe2 Qb1 32.Qd2 Qc1 33.Qd6 Qb2+ 34.Be2 Qxa2 35.b4 h6 36.f4 Bg4
37.f5 Bxe2 38.Nxe2 Qc2 39.Qd7 Qc7  0-1

[Event "Olympiad w"]
[Site "Bled SLO"]
[Date "2002.11.04"]
[Round "9"]
[White "Sekulovska,V"]
[Black "Hund,B"]
[Result "1/2-1/2"]
[WhiteElo "2119"]
[BlackElo "2285"]

1.d4 Nf6 2.c4 e6 3.Nc3 Bb4 4.Qc2 O-O 5.a3 Bxc3+ 6.Qxc3 b6 7.Bg5 Bb7 8.f3 h6
9.Bh4 d5 10.e3 Nbd7 11.cxd5 exd5 12.Bd3 Qe7 13.Ne2 Rfe8 14.Bf2 c5 15.O-O a5
16.Bb5 Ba6 17.Bxa6 Rxa6 18.Rfd1 c4 19.a4 Raa8 20.Qc2 Nb8 21.b3 Rc8 22.Qf5 Na6
23.bxc4 Rxc4 24.Nf4 Nb4 25.Rdc1 Qc7 26.Rd1 Qc8 27.Qxc8+ Raxc8 28.Ne2 R8c6
29.g4 Nc2 30.Ra2 Re6 31.Nf4 Nb4 32.Raa1 Rec6 33.h4 g5 34.hxg5 hxg5 35.Ne2 Nc2
36.Ra2 Re6 37.Rb1 Nb4 38.Rd2 Ne8 39.Ng3 Ng7 40.Nf5 Nxf5 41.gxf5 Re8 42.Rdb2 Kg7
43.Rb3 Kf6 44.Kg2 Kxf5 45.Kg3 Re6 46.Be1 Nc2 47.Bd2 Rxa4 48.Rxb6 Nb4 49.Rb7 f6
50.Bxb4 axb4 51.R1xb4 Ra3 52.Rb3 Rxe3 53.Rxa3 Rxa3 54.Rb5 Ke6 55.Rb6+ Ke7
56.Rb7+ Ke6 57.Rb6+ Kf7 58.Rd6 Ra5 59.f4 Ke7 60.Rb6 Ra4 61.fxg5 fxg5 62.Kg4 Rxd4+
63.Kxg5 Re4 64.Kf5 Kd7  1/2-1/2

[Event "Olympiad"]
[Site "Bled SLO"]
[Date "2002.11.07"]
[Round "12"]
[White "Dautov,R"]
[Black "Halkias,S"]
[Result "1/2-1/2"]
[WhiteElo "2617"]
[BlackElo "2528"]

1.d4 Nf6 2.c4 e6 3.Nc3 Bb4 4.Qc2 O-O 5.a3 Bxc3+ 6.Qxc3 Ne4 7.Qc2 f5 8.e3 b6
9.Ne2 Bb7 10.f3 Nf6 11.Nc3 c5 12.Be2 cxd4 13.exd4 Nc6 14.Be3 Rc8 15.b4 f4
16.Bf2 e5 17.dxe5 Nxe5 18.Qb3 Nh5 19.O-O Qg5 20.Nd5 Kh8 21.Rad1 Ng6 22.Rfe1 Ng3
23.Bf1 Nh4 24.Bxg3 fxg3 25.Qe3 gxh2+ 26.Kxh2 Qh5 27.Kg1 Qg6 28.Kf2 Nf5 29.Qf4 Bxd5
30.cxd5 Nd6 31.Qe5 Rc2+ 32.Re2 h6 33.Rxc2 Qxc2+ 34.Qe2 Qc3 35.Qd3 Qf6 36.Qd4 Qg5
37.Re1 Nf5 38.Qe5 d6 39.Qe4 Qg3+ 40.Kg1 Nh4 41.Re3 Qg5  1/2-1/2

[Event "Olympiad w"]
[Site "Bled SLO"]
[Date "2002.11.08"]
[Round "13"]
[White "Varniene,R"]
[Black "Parveen,S"]
[Result "0-1"]
[WhiteElo "2160"]
[BlackElo "2124"]

1.d4 Nf6 2.c4 e6 3.Nc3 Bb4 4.Qc2 O-O 5.a3 Bxc3+ 6.Qxc3 Ne4 7.Qc2 f5 8.e3 b6
9.Bd3 Bb7 10.Ne2 Qh4 11.O-O Rf6 12.f3 Rh6 13.h3 Ng3 14.Nxg3 Qxg3 15.Kh1 Nc6
16.b4 Rf8 17.b5 Ne7 18.e4 fxe4 19.Bxe4 Bxe4 20.Qxe4 Rxh3+ 21.gxh3 Qxh3+ 22.Kg1 Qg3+
23.Kh1 Rf5 24.Qg4 Qxg4 25.fxg4 Rxf1+ 26.Kg2 Rd1 27.c5 Rxd4 28.cxb6 cxb6 29.Kf3 Rd1
30.Bb2 Rxa1 31.Bxa1 Kf7 32.Be5 Nc8 33.Ke4 d6 34.Bc3 h6 35.a4 g6 36.Bd2 h5
37.gxh5 gxh5 38.Be1 Ke7 39.Kf4 e5+  0-1

[Event "Olympiad w"]
[Site "Bled SLO"]
[Date "2002.11.10"]
[Round "14"]
[White "Medic,Mir"]
[Black "Peptan,C"]
[Result "1/2-1/2"]
[WhiteElo "2288"]
[BlackElo "2479"]

1.d4 Nf6 2.c4 e6 3.Nc3 Bb4 4.Qc2 O-O 5.a3 Bxc3+ 6.Qxc3 b6 7.Bg5 Bb7 8.f3 h6
9.Bh4 d6 10.e3 Nbd7 11.Bd3 c5 12.Ne2 Rc8 13.b4 d5 14.cxd5 Nxd5 15.Bxd8 Nxc3
16.Bh4 cxd4 17.exd4 Nd5 18.O-O N7f6 19.Rfc1 Nh5 20.Bg3 Nxg3 21.hxg3 Rfd8
22.Rxc8 Rxc8 23.Rc1 Rxc1+ 24.Nxc1 Kf8 25.Kf2 Ke7 26.Ke2 Kd6 27.Kd2 Nc7 28.Ne2 Ba6
29.Bxa6 Nxa6 30.Nc3 Nc7 31.Kd3 Kc6 32.Kc4 b5+ 33.Kd3 Nd5 34.Ne4 Nb6 35.Nd2 Kd5
36.Kc3 Na4+ 37.Kd3 h5 38.Nb1 Nb2+ 39.Kc2 Nc4 40.Kd3 Kc6 41.Ke4 Kd6 42.Kd3 f6
43.Ke4 Kc6 44.Kd3 g6 45.Ke2 g5 46.Kd3 a6 47.Ke2 f5 48.Kd3 g4 49.Ke2 Kd5 50.Kd3 Nb2+
51.Kc2 gxf3 52.gxf3 Nc4 53.Kd3 Nb2+ 54.Kc2 Nc4 55.Kd3 Kd6 56.Ke2 Kc6 57.Kd3 Kd5
58.Nc3+ Kd6 59.Ne2 Nxa3 60.Nf4 Nc4 61.Nxh5 Nb2+ 62.Kc2 Nc4 63.Kd3 Nb6 64.Nf4 Nd7
65.g4 e5 66.Ne2 e4+ 67.fxe4 fxe4+ 68.Kxe4 Nf6+ 69.Kd3 Nd5 70.Nc3 Nxb4+ 71.Ke4 Nc6
72.g5 Ne7 73.Kd3 Kc6 74.Ne2 Ng6 75.Ke4 a5 76.Kf5 Nf8 77.Ke5 b4 78.d5+ Kd7
79.d6 a4 80.Kd4 Kxd6 81.Kc4 b3 82.Nc3 b2 83.Kb4 Ke5 84.Kxa4 Kd4  1/2-1/2

[Event "ch-POL sf"]
[Site "Lubniewice POL"]
[Date "2002.11.30"]
[Round "1"]
[White "Tworuszka,M"]
[Black "Gajewski,G"]
[Result "1/2-1/2"]
[WhiteElo "2256"]
[BlackElo "2436"]

1.c4 Nf6 2.Nc3 e6 3.d4 Bb4 4.Qc2 O-O 5.Nf3 b6 6.e4 d6 7.Bd3 e5 8.d5 Nbd7
9.O-O Bxc3 10.Qxc3 Nc5 11.Re1 Nxd3 12.Qxd3 Nh5 13.Qe2 Bg4 14.h3 Bxf3 15.Qxf3 Qh4
16.Qg4 Qxg4 17.hxg4 Nf6 18.f3 Nd7 19.Be3 a5 20.Kf2 Rfb8 21.Rac1 Nc5 22.Ke2 h6
23.Rh1 f6 24.Kd2  1/2-1/2

[Event "Winter Cup"]
[Site "Bucharest ROM"]
[Date "2002.12.02"]
[Round "2"]
[White "Bets,A"]
[Black "Dinu,DD"]
[Result "1-0"]
[WhiteElo "2332"]
[BlackElo "2315"]

1.d4 Nf6 2.c4 e6 3.Nc3 Bb4 4.Qc2 O-O 5.a3 Bxc3+ 6.Qxc3 Ne4 7.Qc2 f5 8.Nf3 b6
9.b4 Bb7 10.Bb2 d6 11.e3 Nd7 12.Bd3 c5 13.dxc5 bxc5 14.O-O Qe7 15.Nd2 Nxd2
16.Qxd2 Rac8 17.Rfd1 Rfd8 18.Bf1 Nb6 19.Rac1 Qg5 20.Kh1 d5 21.cxd5 Rxd5 22.Qe1 c4
23.Rxd5 Nxd5 24.Bd4 Nb6 25.f3 Ba6 26.b5 Bxb5 27.Qa5 f4 28.Qxa7 Nd5 29.Qb7 Ne7
30.exf4 Qxf4 31.Qxe7 Rc7 32.Qd8+ Kf7 33.Be3 Qe5 34.f4 Qxe3 35.Qxc7+ Kf6  1-0

[Event "TCh-AUT 2002-3"]
[Site "Frohnleiten AUT"]
[Date "2002.12.05"]
[Round "1"]
[White "Varga,P"]
[Black "Lutz,C"]
[Result "1/2-1/2"]
[WhiteElo "2486"]
[BlackElo "2645"]

1.d4 Nf6 2.c4 e6 3.Nc3 Bb4 4.Qc2 O-O 5.a3 Bxc3+ 6.Qxc3 b6 7.Bg5 Bb7 8.f3 h6
9.Bh4 d5 10.e3 Nbd7 11.cxd5 Nxd5 12.Bxd8 Nxc3 13.Bh4 Nd5 14.Bf2 f5 15.Bb5 c6
16.Bd3 Rae8 17.Ne2 e5 18.O-O e4 19.fxe4 fxe4 20.Bc4 Nf6 21.Nc3 Kh7 22.Nxd5 Nxd5
23.Rac1 Rf7 24.Rfe1 Rd8 25.Bg3 Re7 26.Rc2 Rdd7  1/2-1/2

[Event "XV Carlos Torre"]
[Site "Merida MEX"]
[Date "2002.12.20"]
[Round "8"]
[White "Gulko,B"]
[Black "Mitkov,N"]
[Result "1-0"]
[WhiteElo "2594"]
[BlackElo "2529"]

1.d4 Nf6 2.c4 e6 3.Nc3 Bb4 4.Qc2 O-O 5.a3 Bxc3+ 6.Qxc3 b6 7.Nf3 Bb7 8.e3 d6
9.b4 Nbd7 10.Bb2 c5 11.Be2 Rc8 12.O-O b5  1-0